Statistiken für Liedtext - Deine Schuld - Die Ärzte

Klicken Sie hier um das Quiz zu spielen!

Allgemein

  • Dieses Quiz wurde 106 mal gespielt
  • Das Durchschnittsergebnis liegt bei 244 aus 311

Antwortstatistiken

Textquiz% Korrekt
ist
100%
Deine
99%
Es
99%
es
99%
Schuld
99%
sie
99%
so
99%
Wenn
99%
wenn
99%
das
98%
die
98%
Die
98%
nicht
98%
Welt
98%
bleibt
97%
nur
97%
wie
97%
dass
96%
wär
94%
war
94%
Du
84%
der
71%
Und
71%
zu
71%
Dich
69%
kann
68%
was
67%
hast
66%
Hast
66%
Denn
64%
denn
64%
kein
64%
wer
63%
bist
62%
zum
62%
Dir
61%
schon
61%
Weil
61%
weil
61%
kannst
60%
auf
59%
dann
59%
ihr
59%
jede
59%
mal
59%
sei
59%
sind
59%
Sind
59%
wieder
59%
will
59%
ändern
58%
einer
58%
gut
58%
heute
58%
alle
57%
Deinen
57%
haben
57%
Mensch
57%
willst
57%
gefragt
56%
in
54%
nichts
54%
lass
53%
Lass
53%
warum
53%
behaupten
52%
geh
52%
schlimm
52%
uns
51%
jeder
50%
sagt
50%
verändern
50%
geärgert
49%
keinem
48%
Kopf
48%
etwas
47%
Terrorist
47%
vor
47%
Mütze
46%
passt
46%
Stimme
46%
Tragen
46%
automatisch
44%
tun
44%
unternimmt
44%
zählt
44%
demonstrieren
43%
Glaub
43%
selbst
43%
Straße
43%
überhaupt
43%
gewählt
42%
musst
42%
Todesurteil
42%
wollen
42%
Angst
41%
Darum
41%
unterschreibt
41%
hören
40%
verlieren
40%
verarschen
39%
akzeptieren
38%
reden
37%
weh
37%
dieselben
34%
drüber
34%
niemandem
34%
ok
34%
Diskussionen
33%
furchtbar
33%
schönen
33%
diskutieren
32%
kämpfen
32%
Land
32%
theoretisch
32%
tolerant
32%
versucht
32%
unserem
31%
Worte
31%
zumindest
31%
erklären
30%
mehr
30%
Veränderung
29%
bewegen
28%
Nein
21%

Verteilung der Resultate

Perzentil nach korrekt beantworteten Fragen

Anzahl Personen mit jedem Resultat

Ihre Resultats-Entwicklung

Sie haben dieses Quiz noch nicht gespielt